| Поле | Инд. | ПП | Название | Значение |
|---|---|---|---|---|
| Тип записи | a | |||
| Библиографический уровень | m | |||
| 001 | Контрольный номер | UNIDUBNA06f6607986aa448b852c3350ea05f282 | ||
| 005 | Дата корректировки | 20260413103606.6 | ||
| 008 | Кодируемые данные | 20090527 | ||
| 041 | 0_ | a | Код языка текста | rus |
| 084 | a | Индекс другой классификации/Индекс ББК | 20.173я73 | |
| 097 | 00 | a | 230 | |
| 100 | 10 | a | Автор | Омариева Л. В. |
| 100 | 1_ | a | Автор | Гусейханова Ф. М. |
| 100 | 1_ | a | Автор | Исмаилова Ф. О. |
| 245 | 00 | a | Заглавие | Нормирование и снижение загрязнения окружающей среды |
| b | Продолж. заглавия | курс лекций | ||
| 260 | 00 | a | Место издания | Махачкала |
| b | Издательство | ДагГАУ имени М.М.Джамбулатова | ||
| c | Дата издания | 2021 | ||
| 300 | 00 | a | Объем | 158 с. |
| b | Иллюстрации/ тип воспроизводства | ил. | ||
| 336 | a | Термин вида содержания | Текст | |
| 337 | a | Термин типа средства | электронный | |
| 521 | 00 | a | Примеч. о целев. назн. | бакалавриат |
| a | Примеч. о целев. назн. | магистранты | ||
| 650 | 04 | a | Основная рубрика | охрана окружающей среды |
| a | Основная рубрика | экология | ||
| 653 | 0_ | a | Ключевые слова | загрязнение биосферы |
| a | Ключевые слова | загрязнение воды | ||
| a | Ключевые слова | загрязнение воздуха | ||
| a | Ключевые слова | загрязнение земель | ||
| a | Ключевые слова | нормативно-правовое обеспечение | ||
| a | Ключевые слова | обращение с отходами | ||
| a | Ключевые слова | радиоактивное загрязнение | ||
| a | Ключевые слова | санитарно-гигиеническое нормирование | ||
| a | Ключевые слова | техногенные нагрузки | ||
| a | Ключевые слова | шумовое загрязнение | ||
| a | Ключевые слова | экологические нагрузки | ||
| a | Ключевые слова | экологическое нормирование | ||
| a | Ключевые слова | экологическое проектирование | ||
| 655 | 00 | a | Жанр/ форма (устаревшее) | учебное пособие |
| 856 | 40 | a | Имя сервера/домена | ЭБС "Лань" |
| d | Путь | http://e.lanbook.com/ | ||
| i | Указания/сценарий входа | Доступ по логину и паролю | ||
| u | URL | https://e.lanbook.com/book/194017 | ||
| v | Время доступа к ресурсу | 10.04.2027 | ||
| y | Справочный текст | Электронная версия | ||
| 900 | x | Справочная информация | Полный текст | |
| 901 | t | Тип документа | 0 | |
| 952 | a | Тип литературы для КСУ ВШ | УИ |